[Event "Gibraltar Masters 10th"]
[Site "Caleta"]
[Date "2012.01.27"]
[Round "4"]
[White "Javakhishvili, Lela"]
[Black "Sutovsky, Emil"]
[Result "0-1"]
[WhiteElo "2454"]
[BlackElo "2703"]
[Annotator "Let's Check Training"]
[PlyCount "78"]
[EventDate "2012.01.24"]
[EventType "swiss"]
[EventRounds "10"]
[EventCountry "GGB"]
[SourceTitle "CBM 147"]
[Source "ChessBase"]
[SourceDate "2012.03.16"]
[SourceVersion "1"]
[SourceVersionDate "2012.03.16"]
[SourceQuality "1"]

1. d4 Nf6 2. c4 e6 3. Nf3 Bb4+ 4. Bd2 Qe7 5. g3 Nc6 6. Bg2 Bxd2+ 7. Qxd2 Ne4 8.
Qc2 Qb4+ 9. Nbd2 Nxd2 10. Qxd2 Qxc4 11. a3 d5 12. O-O a5 13. Rac1 Qb3 14. e4
O-O 15. e5 a4 16. Rc5 Qb6 17. Qc2 h6 18. g4 f5 19. exf6 Rxf6 20. Rd1 Bd7 21. g5
hxg5 22. Nxg5 Rh6 23. Rd3 Rf8 24. b4 axb3 25. Rxb3 Qa7 26. Qb2 Qa4 27. Nf3 Rxf3
$1 28. Bxf3 Nxd4 29. Rd3 Rg6+ $1 30. Bg2 {[%tqu "En","","","","d4f3","",10]}
Nf3+ $1 31. Kf1 Nh4 32. Bh3 b6 33. Rxc7 Bb5 34. Bxe6+ Kh7 35. Qe2 Rxe6 36. Qh5+
Rh6 37. Rxg7+ Kxg7 38. Qe5+ Rf6 39. Qc7+ Kh6 0-1

[Event "EU-ch 13th"]
[Site "Plovdiv"]
[Date "2012.03.31"]
[Round "11"]
[White "Georgiev, Kiril"]
[Black "Khenkin, Igor"]
[Result "1/2-1/2"]
[WhiteElo "2671"]
[BlackElo "2632"]
[Annotator "Let's Check Training"]
[PlyCount "80"]
[EventDate "2012.03.20"]
[EventType "swiss"]
[EventRounds "11"]
[EventCountry "BUL"]
[SourceTitle "CBM 148"]
[Source "ChessBase"]
[SourceDate "2012.05.16"]
[SourceVersion "1"]
[SourceVersionDate "2012.05.16"]
[SourceQuality "1"]

1. d4 Nf6 2. c4 e6 3. Nf3 Bb4+ 4. Bd2 a5 5. Nc3 b6 6. Bg5 Bb7 7. Nd2 h6 8. Bh4
Nc6 9. a3 Bxc3 10. bxc3 Ne7 11. f3 Ng6 12. Bf2 Qe7 13. e4 e5 14. g3 O-O 15. Bd3
d5 16. cxd5 Nxd5 17. O-O Nf6 18. Nc4 Ba6 19. Qe2 Ne8 20. a4 Nd6 21. Nxe5 Nxe5
22. Bxa6 Nxf3+ 23. Qxf3 Rxa6 24. e5 Nc4 25. Qd3 $2 (25. Qe2 Qe6 26. d5 $1 $18)
25... Qe6 $11 26. d5 Nxe5 27. Qe2 {[%tqu "En","","","","e6d5","",10]} Qxd5 $1
28. Bd4 Nc4 29. Rf4 Raa8 30. Bxg7 Kxg7 31. Rxc4 Rfe8 32. Qg4+ Qg5 33. Qd4+ Kg8
34. Rxc7 Rac8 35. Rxc8 Rxc8 36. Qxb6 Rxc3 37. Rf1 Rxg3+ 38. hxg3 Qxg3+ 39. Kh1
Qh3+ 40. Kg1 Qg3+ 1/2-1/2

[Event "AUT-ch"]
[Site "Voitsberg"]
[Date "1995.??.??"]
[Round "13"]
[White "Stanec, Nikolaus"]
[Black "Eisterer, Heinrich"]
[Result "1/2-1/2"]
[WhiteElo "2480"]
[BlackElo "2360"]
[Annotator "Loebler,H"]
[PlyCount "93"]
[EventDate "1995.??.??"]
[EventType "tourn"]
[EventRounds "15"]
[EventCountry "AUT"]
[EventCategory "5"]
[SourceTitle "CBM 049 Extra"]
[Source "ChessBase"]
[SourceDate "1996.01.01"]
[SourceVersion "1"]
[SourceVersionDate "1996.01.01"]
[SourceQuality "1"]

1. d4 Nf6 2. Nf3 e6 3. c4 Bb4+ 4. Bd2 a5 5. g3 d6 6. Bg2 Nbd7 7. O-O e5 8. b3
O-O 9. a3 Bxd2 10. Qxd2 exd4 11. Nxd4 Nb6 12. Qc2 Qe7 13. Nd2 Re8 14. e3 c6 15.
h3 g6 (15... Nbd7) 16. Rfe1 Bd7 17. e4 Qf8 18. Nf1 Bc8 19. Rad1 Nbd7 20. Qd2
Re7 21. Qf4 Ne8 22. Qd2 f6 23. Ne3 Ne5 24. f4 Nf7 25. b4 axb4 26. axb4 Nc7 27.
Ra1 $14 Rxa1 28. Rxa1 Bd7 29. Ndc2 Qb8 (29... Qc8 $142) 30. Qd4 Ne8 31. Qb6 Qc8
32. Kh2 f5 33. Ra7 Nd8 34. Qa5 (34. exf5 gxf5 35. h4 $16) 34... Nc7 35. c5 dxc5
36. Qxc5 Re8 37. Nc4 Nb5 38. Nb6 Qc7 39. Ra5 Ne6 $10 40. Qe3 fxe4 41. Nc4 Ng7
42. Ne5 Be6 43. Bxe4 Qd6 44. Ra1 Rd8 45. Bd3 Nf5 46. Qf2 Nfd4 47. Nxd4 1/2-1/2

[Event "EU-ch 12th"]
[Site "Aix les Bains"]
[Date "2011.03.26"]
[Round "5"]
[White "Pashikian, Arman"]
[Black "Paichadze, Luka"]
[Result "1-0"]
[WhiteElo "2642"]
[BlackElo "2487"]
[Annotator "Marchand,A/Primel,D"]
[PlyCount "65"]
[EventDate "2011.03.22"]
[EventType "swiss"]
[EventRounds "11"]
[EventCountry "FRA"]
[SourceTitle "CBM 142 Extra"]
[Source "ChessBase"]
[SourceDate "2011.06.27"]
[SourceVersion "1"]
[SourceVersionDate "2011.06.27"]
[SourceQuality "1"]
[TimeControl "40/5400+30:1800+30"]

1. d4 Nf6 2. c4 e6 3. g3 Bb4+ 4. Bd2 Bxd2+ (4... a5) (4... Qe7) (4... Be7 5.
Bg2 d5 6. Nf3 O-O 7. O-O c6 8. Qc2 Nbd7 9. Bf4 (9. Rd1) 9... Nh5 10. Bc1 f5 11.
Nbd2 (11. b3) 11... Bd6 12. Ne1 Qe7 13. Nd3 b6 14. b4 Bb7 (14... Bxb4 $2 15.
cxd5 cxd5 16. Nxb4 Qxb4 17. Qc6 {[%cal Gc6a8,Gc6e6]}) 15. a4 Nhf6 16. Rb1 {
Stohl,I (2560)-Tkachiev,V Manila ol (Men) 1992 1-0} (16. a5 $14 {Bologan})) 5.
Qxd2 O-O 6. Bg2 {89} d5 (6... d6 7. Nf3 Qe7 8. O-O e5 9. Nc3 Re8 10. e4 Bg4 11.
Ne1 (11. Nh4 exd4 12. Qxd4 c5 13. Qd3 Nc6 14. f4 Nd4 15. Rae1 Bd7 16. Nf3 Nxf3+
17. Bxf3 Rad8 18. Re2 a6 19. Rfe1 $14) 11... Nc6 12. d5 Nd4 13. Nb5 Nxb5 14.
cxb5 Bd7 15. a4 a6 16. bxa6 Rxa6 17. a5 c6) 7. Nf3 Nbd7 8. O-O {86} c6 9. Rc1 {
86} b6 10. b4 {68 Premier coup hors préparation} (10. Qf4 Bb7 11. Nbd2 Re8 12.
b4 a5 13. a3 axb4 14. axb4 c5 15. bxc5 Rxa1 16. Rxa1 bxc5 17. Qd6 e5 18. cxd5
exd4 19. Ng5 Re5 20. Ne6 fxe6 21. dxe6 Bxg2 22. exd7 Rxe2 23. Kxg2 Rxd2 24. Ra7
h5 {Sasikiran,K (2681)-Jobava,B (2710)/Khanty Mansiysk 2010/CBM 139/1/2-1/2 
(31)}) 10... Bb7 11. Qb2 {66} Qe7 (11... a5 12. cxd5 Nxd5 13. bxa5 Rxa5 14.
Nbd2 Qe7 15. Nc4 Rb5 16. Qc2 c5 17. e4 Nb4 18. Qa4 Bxe4 19. Ne1 Bxg2 20. Kxg2
Ra5 21. Nxa5 bxa5 22. dxc5 Nxc5 23. Qxa5 Ne4 24. Rc4 Nc6 25. Qb6 {1-0 Van Wely,
L (2675)-Kacheishvili,G (2599)/Philadelphia 2011/Mega2011 Update 28}) 12. Nbd2
{64} Rfe8 $146 (12... Rfb8 13. a4 a5 14. b5 c5 15. dxc5 bxc5 16. Qa3 Kf8 17. e3
Rc8 18. Ne1 Nb6 19. Ra2 Rc7 20. Nd3 Rac8 21. Rac2 Ne4 22. cxd5 exd5 23. Nxe4
dxe4 24. Nxc5 Kg8 25. Bh3 Rd8 26. Qa1 Bd5 27. Ne6 {Bischoff,K (2555)-Tereick,B
(2155)/Bad Zwesten 2005/CBM 104 ext/1-0}) 13. e3 {56} Rab8 (13... a5 $142) 14.
Rab1 Qf8 {[%csl Rf8]} 15. c5 $1 {[%csl Rb7] La position Noire est trés passive}
Ba6 16. Qc2 (16. Qa3 {[%csl Ra6,Ra7]}) 16... Be2 $6 (16... e5 $5 {Plus naturel}
17. dxe5 Ng4 18. Bh3 Ngxe5 $132) 17. e4 $1 {29} dxe4 (17... bxc5) 18. Nxe4 Bxf3
19. Bxf3 {29} Nxe4 20. Bxe4 Nf6 21. cxb6 (21. Bxc6 {[%csl Gc5][%cal Gc5c8]
Semblait plus simple} Red8 22. Rd1) 21... Rxb6 22. a3 {[%csl Gb4,Rc6] 28} Qd6 (
22... Nxe4 23. Qxe4) 23. b5 {13} (23. Bxc6 $142 Rc8 24. b5 Qxa3 25. Ra1 Qe7 26.
Qa2 Rc7 27. Rc4 $16 {[%cal Gc4a4]}) 23... Nxe4 (23... cxb5 $5 $132 {[%csl Ra3,
Rd4]}) 24. Qxe4 Qxa3 $2 (24... cxb5 $8) 25. bxc6 $1 {[%csl Gc6]} Rxb1 (25...
Rc8 26. c7 Qd6) 26. Qxb1 Qd6 27. Qb5 Qc7 28. d5 exd5 29. Qxd5 h6 {[%csl Rg8]}
30. h4 (30. Qd7) 30... Rd8 31. Qf3 Rd6 $4 32. Qf4 {[%csl Rc7]} h5 33. Qxd6 1-0

[Event "EU-ch 12th"]
[Site "Aix les Bains"]
[Date "2011.03.23"]
[Round "2"]
[White "Zarkua, Davit"]
[Black "Nyback, Tomi"]
[Result "0-1"]
[WhiteElo "2397"]
[BlackElo "2656"]
[Annotator "Marchand,A/Primel,D"]
[PlyCount "126"]
[EventDate "2011.03.22"]
[EventType "swiss"]
[EventRounds "11"]
[EventCountry "FRA"]
[SourceTitle "CBM 142 Extra"]
[Source "ChessBase"]
[SourceDate "2011.06.27"]
[SourceVersion "1"]
[SourceVersionDate "2011.06.27"]
[SourceQuality "1"]
[TimeControl "40/5400+30:1800+30"]

1. d4 d5 2. c4 e6 3. Nf3 Nf6 4. g3 Bb4+ 5. Bd2 Be7 (5... Bd6) (5... a5) 6. Bg2
O-O 7. Qc2 (7. O-O c6 8. Qc2 (8. Bf4)) 7... c6 8. O-O b6 (8... Nbd7 9. Rd1 b6 (
9... b5)) 9. Bf4 (9. Rd1 Bb7 10. Nc3 Nbd7 (10... dxc4 11. Ne5 Qxd4 12. Bf4 Qc5
13. Na4 Qb4 14. a3 Qb3 15. Qxc4 Qxc4 16. Nxc4 Ba6 (16... b5 $2 17. Na5) 17. Ne5
$14) 11. Bf4 Nh5 12. Bc1 (12. Bd2 f5 13. cxd5 exd5 14. Bh3 g6 15. Bh6 Ng7 16.
e3)) 9... Ba6 10. Nbd2 Nbd7 11. Rfc1 ({RR} 11. Rfe1 Nh5 12. Ne5 Nxe5 13. Bxe5
f6 14. Bf4 Nxf4 15. gxf4 Bb4 16. Red1 Qd6 17. Nf1 dxc4 18. a3 Ba5 19. f5 Kh8
20. Ne3 b5 21. Qe4 Bb7 22. Qxe6 Qc7 23. Qe4 Rae8 24. Qg4 Bb6 25. Nf1 Bc8 {
Wang Hao (2724)-Aronian,L (2783)/Shanghai 2010/CBM 138/0-1 (35)}) (11. b3 Nh5)
11... Nh5 (11... Rc8) 12. Be3 Bb7 $146 (12... Nhf6 {[%emt 0:33:30] Postny,E 
(2595)-Movsesian,S (2723)/ CRO-chT1A 19th (2)/1/2-1/2}) 13. Ne1 f5 14. Nd3 {
[%csl Ge5][%cal Gd3e5,Gd3f4]} Bd6 15. cxd5 exd5 16. f4 $5 Qe8 $132 {[%csl Re2,
Re3]} 17. Ne5 Nxe5 18. dxe5 Be7 19. Bf2 g6 (19... g5) 20. Nf3 Ng7 21. a4 c5 22.
a5 (22. b4 $1 {[%cal Gc2c7]}) 22... Ne6 $132 23. Qb3 {[%csl Rb6][%cal Gb3g8]} (
23. a6 Bc6) 23... b5 24. a6 Bc6 25. Nd4 Nc7 26. Nxc6 Qxc6 27. Qa3 Ne6 28. Rd1
Rfd8 29. Qf3 Nc7 30. g4 Qe6 31. gxf5 gxf5 32. Qh5 Kh8 33. Ra3 $1 {[%cal Ga3h3]}
Rg8 34. Rh3 Rg7 35. Qh6 Rd8 (35... Rag8 36. Bg3) 36. e3 d4 37. Qxe6 Nxe6 38.
Rh6 (38. Kf1) 38... Rg6 39. Rxg6 hxg6 40. exd4 cxd4 41. Bf1 (41. Kf1 Bc5 (41...
Nxf4 $2 42. Rxd4)) 41... Bc5 42. Bxb5 Nxf4 43. Kf1 Nh3 44. e6 Nxf2 $1 45. Kxf2
Rb8 {[%csl Rb2,Rb5]} 46. b4 $1 {Espérant sauver la nulle en transposant dans
une finale de B de couleurs opposées} Bxb4 47. Rb1 Bd6 48. Bd3 Rxb1 49. Bxb1
Kg7 50. h3 Kf6 51. Ba2 Ke5 52. Kf3 Bc5 53. Bc4 g5 $1 54. Ke2 Kf4 55. Bd3 Bd6
56. Bc2 Ke5 57. Kd3 (57. Bb3 {[%csl Re6]}) 57... Bc5 $17 58. Kc4 Be7 59. Ba4
Bf6 60. Bd7 (60. Kd3) 60... Ke4 61. Be8 d3 62. Bg6 d2 63. Bh5 g4 0-1

[Event "Norway Chess 4th"]
[Site "Stavanger"]
[Date "2016.04.29"]
[Round "9"]
[White "Carlsen, Magnus"]
[Black "Eljanov, Pavel"]
[Result "1-0"]
[WhiteElo "2851"]
[BlackElo "2765"]
[Annotator "Marin,M"]
[PlyCount "69"]
[EventDate "2016.04.19"]
[EventType "tourn"]
[EventRounds "9"]
[EventCountry "NOR"]
[EventCategory "21"]
[SourceTitle "CBM 172"]
[Source "ChessBase"]
[SourceDate "2016.05.12"]
[SourceVersion "1"]
[SourceVersionDate "2016.05.12"]
[SourceQuality "1"]

1. d4 d5 2. c4 e6 3. Nf3 Nf6 4. g3 Bb4+ 5. Bd2 Be7 6. Bg2 O-O 7. O-O c6 8. Qc2
Nbd7 9. a4 $5 {A highly original and virtually unexplored plan, typical for
Carlsen. The structure resulting after Black's natural anwer is supposed to be
completely inoffensive, but Magnus had his own views about it.} a5 {.} 10. Rc1
{Another mysterious move. White increases his pressure on a file which is not
likely to open soon, as with the actual structure cxd5 can always be answered
with ...exd5. Carlsen's strategic vision goes as usual much deeper than the
obvious. He reckons with the fact that in order to complete his development
Black will have to play ...b7-b6 and then cxd5 would force ...cxd5, opening
the c-file, which he occupies in advance. His queen's knight will then be
transferred to b5, a square which has become available after the unusual
insertion of a2-a4 and ...a7-a5. The only question remaining open is whether
Black has to rush to completie his development at all, as White does not have
a clear plan in the actual structure. Other moves have been tried in practice,
offering White a slight edge.} (10. Na3 Ne4 11. Be3 f5 12. Ne1 g5 13. f3 Nd6
14. Nd3 $14 {Hertneck,G (2572)-Bareev,E (2719) Germany 2002 (1/2-1/2, 61)}) (
10. Rd1 {is not without a point either:} Ne4 11. Be1 f5 12. Nfd2 Ndf6 13. Nxe4
Nxe4 14. Nd2 Bd6 15. Nxe4 {1/2-1/2 Ljubojevic,L (2580)-Jussupow,A (2610)
Linares 1989} fxe4 16. f3 exf3 17. exf3 $14 {[%cal Gf3f4] The usefulness of
the d1-rook becomes obvious after} e5 $2 18. cxd5 cxd5 19. dxe5 Bxe5 20. f4 $18
{[%csl Gd5]}) 10... Ne4 $146 {An active but also committal move. After
allowing the knight contact Black allows his opponent to open the centre which
can be dangerous due to his undeveloped queenside.} ({In a previous game Black
kept a neutral policy inviting White to show his cards.} 10... h6 11. Be1 b6 (
11... Re8 12. Nbd2 {[%cal Ge2e4]}) 12. cxd5 cxd5 13. Nc3 Bb7 14. Nb5 {White
has an optical advantage but Black will gradually manage to equalise due to
the almost symmetrical structure:} Rc8 15. Qd1 Rxc1 16. Rxc1 Qb8 17. Bd2 Rc8
18. Bf4 Rxc1 19. Qxc1 Qc8 20. Qxc8+ Bxc8 21. Ne5 Nxe5 22. Bxe5 Ne8 23. e3 Bd7 {
Sandipan,C (2608)-Meier,G (2668) Dresden 2012 (1/2-1/2, 23)}) 11. Be1 {In the
similar games above White preferred transferring the bishop to e3, which looks
more active. Carlsen has his own views: he intends to use his bishops on the
e1-a5 and f1-a6 diagonals, putting pressure on the enemy queenside, a plan
which will work miracles in the game.} f5 12. Nbd2 Bd6 13. e3 Ra7 {Preparing ..
.b7-b6.} (13... b6 $2 14. cxd5 cxd5 15. Qc6 Ba6 16. Nxe4 fxe4 17. Qxd6 exf3 18.
Bh3 $18) ({The main alternative was ignoring the queenside development and
launching the typical kingside attack with} 13... g5 14. Nb3 {[%csl Ga5]} ({
Black may have feared the opening of the centre with} 14. Nxe4 fxe4 15. Nd2 {
[%cal Gf2f3] followed by f2-f3, but} g4 16. Nb3 {[%csl Ga5]} Bc7 {[%cal Gd8f6]
keeps the position more or less blocked.}) 14... g4 (14... b6 $2 15. cxd5 cxd5
16. Nxg5 $3 Qxg5 17. Bxe4 fxe4 18. Qc6) (14... f4 15. exf4 gxf4 16. Qe2 {
[%cal Gb3d2]}) (14... Bc7 15. Nfd2 Qf6 16. f4 Kh8) 15. Nfd2 Ng5 {and Black has
nothing to complain about.}) 14. Qd1 b6 15. cxd5 cxd5 16. Nb1 $1 {[%csl Gb5]
After having provoked the weakening of the e5-square, the knight switches to
the newly created path.} Ba6 ({Black has no time to carry out a similar
regrouping:} 16... Nb8 17. Na3 Na6 $2 18. Nb5 Ra8 19. Nxd6 Qxd6 20. Ne5 $16)
17. Na3 Qa8 {Black anticipates the exchange on b5 by defending the c6-square
against the invasion of the white rooks.} ({Even though} 17... Bxa3 18. Rxa3
Rc7 {Gheorghiu,F (2530)-Jussupow,A (2590) WchT 1st Luzern 1985 (1) 0-1 looks
very committal, the following classical example (true, White played very
passively) shows that White's dark-squared bishop can easily turn into a bad
one.}) ({The problem with the game move is that after the general exchange of
rooks the queen could be left hanging.} 17... Qb8 {would solve this problem
but White could use the c6-square for gaining time:} 18. Nb5 Bxb5 19. axb5 Rc8
20. Qa4 $1 (20. Bf1 {is neutralised by} Rac7) 20... Rac7 21. Rc6 Qb7 22. Bf1
Nb8 ({A necessary passive move since} 22... Rxc6 23. bxc6 Rxc6 {loses material
to} 24. Ba6 $1 Qc7 25. Bb5 $18 {[%csl Rd7]}) 23. Rxc7 Qxc7 24. b4 axb4 25. Bxb4
Nd7 26. Ne1 $14 {[%cal Ge1d3,Rd3b4,Rd3f4,Yf2f3] With hindsight, this might
have been a lesser evil than in the game, though.}) 18. Nb5 Bxb5 19. axb5 Rc8
20. Bf1 {Completing a regrouping probably planned by Carlsen when he retreated
with his other bishop to e1. The bishops are only apparently biting on granit
as will soon be revealed.} (20. Rxc8+ Qxc8 21. b4 {is premature due to} a4 22.
Rxa4 (22. Ra3 Qa8 23. Qa1 g5 $15) 22... Rxa4 23. Qxa4 Qc1 $132 {The extra pawn
does not count yet and Black's activity is annoying.}) 20... Rxc1 ({With the
queen on a8} 20... Rac7 {does not work due to} 21. Rxc7 Rxc7 22. b4) 21. Rxc1
Rc7 22. Rxc7 Bxc7 {Black has exchanged all the rooks under less favourable
circumstances than he would have wished to. The bishop's absence from the
a3-f8 diagonal allows White to play b2-b4 without exchanging bishops at once.
Black will have to lose additional time to achieve that.} 23. Qa4 Qb8 (23... g5
24. b4 g4 25. Nd2 Nxd2 26. Bxd2 Qd8 27. bxa5 bxa5 28. Bd3 $14) 24. b4 axb4 25.
Bxb4 {The bishop pair together with the weaknesses on e6, c6 and b6, ensure
White a long term advantage.} h6 {Black eliminates the potential threat Ng5 
(as he might wish to play ...Bd6 followed by ...Nxd6) and ensures himself
against back rank problems.} (25... g5 $6 {weakens the position too much.} 26.
Qc2 Bd6 27. Qc6 {[%csl Ge6,Gg5] The hanging g5-pawn creates irreparable
problems for Black.} Ndf6 28. Bxd6 Qxd6 29. Nxg5 $3 $18 Qxc6 30. bxc6 {[%cal
Gg5e6,Gf1a6,Gc6c8]} Nxg5 31. c7 $18) (25... Bd6 26. Bxd6 Qxd6 (26... Nxd6 27.
Qc2 $16 {[%cal Gc2c6]}) 27. Qa8+ Kf7 28. Qc6 $16) 26. Qc2 Bd6 27. Qc6 $6 {
This apparently deadly blow allows Black some surprising counterplay which
Eljanov will fail to find.} (27. Bxd6 $1 Qxd6 28. Qc6 Kf7 (28... Qxc6 29. bxc6
Ndf6 30. c7 Nd6 31. Ba6 $18) 29. Qb7 $16) 27... Ndf6 ({Missing the far from
obvious} 27... Qa7 $1 {[%csl Gf2]} 28. Bxd6 (28. Be1 Kf7 29. Nd2 $14 {may be a
better try, but this obviously is playable for Black while in the game he was
just lost.}) 28... Qa2 $1 $11 29. Bg2 Qa1+ 30. Bf1 Qb2 31. Kh1 Nxf2+ (31...
Qxf2 $2 32. Bg2 $18 {[%csl Ge1,Gf1,Gg1]}) 32. Kg2 Ne4+ 33. Kh3 $6 Ng5+ 34. Nxg5
hxg5 35. g4 (35. Qxd7 g4+ 36. Kh4 Qxh2+ 37. Kg5 Qh6#) 35... Qf2 $36) 28. Bxd6
Qxd6 (28... Nxd6 29. Ne5 $16) 29. Qc8+ Kh7 30. Ne5 Qe7 ({Black needs to
controll f7 as after} 30... Nd2 31. Bd3 Nde4 {White gets a decisive attack with
} 32. Nf7 Qe7 33. Qh8+ Kg6 34. Ne5+ Kh5 35. Be2+ $18) 31. Qc6 Ng4 $6 {Speeding
up the defeat.} ({If} 31... Qd6 {White can create an original zugzwang with}
32. Kg2 $3 Qxc6 (32... Kg8 33. Qc8+ Kh7 34. Nf7 $18 {[%csl Rd6][%cal Gc8h8,
Gf7e5]}) (32... Ng8 33. Nd7 $18 {[%csl Gb6]}) 33. bxc6 Ne8 34. Nd7 $18 {
[%csl Gb6]}) 32. Nxg4 fxg4 33. Bd3 g6 34. Bxe4 dxe4 35. Qxb6 1-0